|
|
|
|
| LEADER |
00000nab a2200000 a 4500 |
| 001 |
vtls008955582 |
| 003 |
SK-MaSNL |
| 005 |
20260303070349.0 |
| 008 |
060808 1977 xo | 000 0 slo |
| 015 |
|
|
|a SNBRB1977
|
| 040 |
|
|
|a SNKBUCL
|b slo
|c SNKBUCL
|e AACR2
|
| 041 |
0 |
|
|a slo
|
| 044 |
|
|
|a xo
|c SK
|
| 080 |
|
|
|a 327.321(091)
|2 2001
|
| 100 |
1 |
|
|a Bystrický, Pavol
|4 aut
|9 318956
|
| 245 |
1 |
0 |
|a Cez krvavé obete k svetlej súčastnosti
|b prvomájové oslavy robotníkov od 1889
|c Pavol Bystrický
|
| 650 |
0 |
7 |
|a Prvý máj
|2 snkbucl
|9 29765
|
| 773 |
0 |
|
|t Sloboda
|g Roč. 32, č. 17 (1977), s. 3. a 7.
|
| 999 |
|
|
|c 1755027
|d 1756957
|